Kashmir: (Record no. 57109)

MARC details
000 -LEADER
fixed length control field 00804nam a22002177a 4500
005 - DATE AND TIME OF LATEST TRANSACTION
control field 2011092801421.0
010 ## - LCCN (DPL NO)
LC control number G-001447
020 ## - INTERNATIONAL STANDARD BOOK NUMBER
Terms of availability 595.00
International Standard Book Number 9788183390842
035 1d - SYSTEM CONTROL NUMBER
System control number G-001447
037 ## - SOURCE OF ACQUISITION
Source of stock number/acquisition Gift
082 ## - DEWEY DECIMAL CLASSIFICATION NUMBER
Classification number 954.11
100 ## - MAIN ENTRY--PERSONAL NAME
Personal name Showkat Ahmad Ganai
245 ## - TITLE STATEMENT
Title Kashmir:
Statement of responsibility, etc by Showkat Ahmad Ganai
Remainder of title accession and its manipulation /
260 ## - PUBLICATION, DISTRIBUTION, ETC. (IMPRINT)
Place of publication, distribution, etc Srinagar
Name of publisher, distributor, etc Gulshan Books
Date of publication, distribution, etc 2009
270 ## - ADDRESS
Address Residency Road
City Srinagar
Postal code 190001
300 ## - PHYSICAL DESCRIPTION
Extent 125p.
Dimensions 24cm(Hb)
500 ## - GENERAL NOTE
General note Includes bibliographical references
942 ## - ADDED ENTRY ELEMENTS (KOHA)
Source of classification or shelving scheme Dewey Decimal Classification
Item type English Books
Classification part 954.11
Call number suffix SHO
Holdings
Withdrawn status Lost status Not for loan Collection code Home library Current library Date acquired Source of acquisition Cost, normal purchase price Full call number Barcode Copy number Cost, replacement price Koha item type
      Non-fiction Janak Puri Janak Puri 28/09/2011 gift 595.00 954.11 SHO G-001447 1 595.00 English Books

© Delhi Public Library
Hit Counter
free hit counter